000 00302nam a22001337a 4500
008 170907b xxu||||| |||| 00| 0 eng d
020 _a9780470095720
041 _aeng
080 _a91
100 _a42
101 _aGEO
245 _aVISUALING PHYSICAL GEOGRAPHY
_cSTRAHLER.A
942 _2udc
_cBK
999 _c26659
_d26659